000
00365nam a2200169Ia 4500
008
230605s2002 xx 000 0 und d
041
_a
eng
082
_a
839.82
100
_a
Fuller/Currie
245
_a
The Waiter
260
_b
Sterling Book Hos.Pub
_c
2002
300
_a
214
365
_b
160
_h
20
500
_a
320
520
_a
General
650
_a
F. B.
999
_c
417833
_d
417833